FATAL VOYAGE (Record no. 2426)
[ view plain ]
| 000 -LEADER | |
|---|---|
| fixed length control field | 00617nam a22001337a 4500 |
| 082 ## - DEWEY DECIMAL CLASSIFICATION NUMBER | |
| Classification number | 823 |
| Item number | KUR/F |
| 100 ## - MAIN ENTRY--AUTHOR NAME | |
| Personal name | KURZMAN, DAN |
| 245 ## - TITLE STATEMENT | |
| Title | FATAL VOYAGE |
| Remainder of title | THE SINKING OF THE USS INDIANAPOLIS |
| 260 ## - PUBLICATION, DISTRIBUTION, ETC. (IMPRINT) | |
| Place of publication | CANADA |
| Name of publisher | MACMILLAN |
| Year of publication | 1990 |
| 300 ## - PHYSICAL DESCRIPTION | |
| Number of Pages | 331 |
| 520 ## - SUMMARY, ETC. | |
| Summary, etc | Drawn from definitive interviews with key figures, Fatal Voyage recounts the horrific events endured as the number of water-treading survivors dwindled to just 316. Each gruesome day brought more madness and slow death, from explosion-related injuries, dehydration, and, most terrifying of all, shark attacks. |
| 650 ## - SUBJECT ADDED ENTRY--TOPICAL TERM | |
| Topical Term | NOVEL |
| Geographic subdivision | UNITED STATES |
| 942 ## - ADDED ENTRY ELEMENTS (KOHA) | |
| Koha item type | Books |
| Withdrawn status | Lost status | Collection code | Home library | Current library | Shelving location | Date acquired | Source of acquisition | Full call number | Accession Number | Koha item type |
|---|---|---|---|---|---|---|---|---|---|---|
| Reference | Main Library | Main Library | SHELF 1-J-ENGLISH NOVELS FOR TEACHERS | 21/05/2004 | purchase | 823 KUR/F | 01520 | Books |